| Tag |
First Indicator |
Second Indicator |
Subfields |
| LEADER |
00000cam a2200000 4500 |
| 001 |
in00000062888 |
| 005 |
20151008051119.0 |
| 008 |
701207s1960 nyua b 00100 eng |
| 010 |
|
|
|a 60009838
|
| 035 |
|
|
|a (OCoLC)00250981
|
| 035 |
|
|
|9 AAG5826AM
|
| 040 |
|
|
|a DLC
|c DLC
|d TXA
|d UtOrBLW
|
| 049 |
|
|
|a TXAM
|c 2 [325135]
|
| 050 |
0 |
0 |
|a HG9383
|b .F38
|
| 082 |
0 |
|
|a 368.38
|
| 092 |
|
|
|a 368.38
|b F263h
|
| 100 |
1 |
|
|a Faulkner, Edwin Jerome,
|d 1911-
|
| 245 |
1 |
0 |
|a Health insurance.
|
| 264 |
|
1 |
|a New York :
|b McGraw-Hill,
|c 1960.
|
| 300 |
|
|
|a 636 pages :
|b illustrations ;
|c 21 cm.
|
| 336 |
|
|
|a text
|b txt
|2 rdacontent
|
| 337 |
|
|
|a unmediated
|b n
|2 rdamedia
|
| 338 |
|
|
|a volume
|b nc
|2 rdacarrier
|
| 490 |
1 |
|
|a McGraw-Hill insurance series
|
| 504 |
|
|
|a Includes bibliography.
|
| 650 |
|
0 |
|a Health insurance.
|
| 830 |
|
0 |
|a McGraw-Hill insurance series.
|
| 999 |
|
|
|a MARS
|
| 999 |
f |
f |
|s 2acbda04-a796-34dd-8047-a54906ca6691
|i d773b5a1-a7a9-3c54-9519-f54073a30092
|t 0
|
| 952 |
f |
f |
|p ric
|a Texas A&M University
|b Rellis Campus
|c Joint Library Facility
|d Remote Storage
|t 0
|e HG9383 .F38
|h Library of Congress classification
|i unmediated -- volume
|m A14809794938
|
| 998 |
f |
f |
|a HG9383 .F38
|t 0
|l Remote Storage
|